| 000 | 01014nam a2200181 a 4500 | ||
|---|---|---|---|
| 008 | 080411s0000 ||||||||||||||||| || u | ||
| 020 | _a0620342099 | ||
| 050 | _aTP 159.F52 Dan | ||
| 110 | _aDanmarks naturfrednings (DN) | ||
| 245 | 1 | 0 | _aFlaring at oil refineries in South Durban and Denmark: SDEA-DN Local Action Project 2004-2005: output 1 |
| 260 |
_aSouth Africa _bSouth Durban Community Environmental Alliance _c |
||
| 300 | _a44p. : ill. | ||
| 350 | _a0.00 | ||
| 650 | _aOIL REFINERIES | ||
| 995 |
_aMAIN LIBRARY OPEN ACCESS _D0.00 _e737288 _FCBU-MAIN LIBRARY (Kitwe) _H1 _I0.00 _jTP 159.F52 DAN _M2 _UWEEDED _WApr 11, 2008 _y42045 _ZMain Library Open Access Collection |
||
| 995 |
_aMAIN LIBRARY OPEN ACCESS _D0.00 _e737288 _FCBU-MAIN LIBRARY (Kitwe) _H1 _I0.00 _jTP 159.F52 DAN _M3 _UWEEDED _WApr 11, 2008 _y42046 _ZMain Library Open Access Collection |
||
| 995 |
_aMAIN LIBRARY OPEN ACCESS _D0.00 _e737289 _FCBU-MAIN LIBRARY (Kitwe) _H1 _I0.00 _jTP 159.F52 DAN _M1 _UWEEDED _WApr 11, 2008 _y42043 _ZMain Library Open Access Collection |
||
| 999 |
_c63172 _d63172 |
||